000 00692nam a2200229Ia 4500
003 OSt
005 20220918223814.0
006 a|||||r|||| 00| 0
007 ta
008 220917b |||||||| |||| 00| 0 eng d
024 _a225,208
037 _cTextual
040 _aARTS
_cARTS
_beng
041 _2eng
_aeng
082 _aO111:g(V:17)M90->N20, P2
100 _aBoehmer Elleke
_928434
245 0 _aEmpire, the national and the postcolonial, 1890 - 1920
_b Resistance in interaction
260 _aNew York
_bOxford University Press
_c2002
300 _a239p.
_ccm.
942 _hO111:g(V:17)M90->N20, P2
_cTEXL
_2CC
999 _c279507
_d279507